000 00855nam a2200253Ia 4500
001 16158
003 GE_BSU
008 181216s||||||||xx |||||||||||||| ||und||
020 _a978994462077
040 _cGE_BSU
080 _a355.45(479.22)
100 _aგოგოლიშვილი,ოთარ
245 _aქართული სამხედრო ხელოვნების ისტორია
245 _bსალექციო კურსი
245 _cრედ.ნ.ხახუტაიშვილი
260 _aბათუმი
260 _bბსუ
260 _c2015
300 _a112 გვ. ; 21 სმ
541 _h4ლ.435თ.
653 _aისტორია
653 _aქართული სამხედრო ხელოვნების ისტორია
942 _cBK
999 _c49244
_d49244